Quiz qui marchent le plus sur JetPunk - Statistiques

Statistiques générales
  • Ce quiz a été pris 41 fois
  • Le résultat moyen est 3 sur 11
Statistiques - réponses
Hint Réponse % Correct
1 Pays
100%
3 Monde
44%
2 du
38%
5 des
21%
4 Etats
21%
6 Etats-Unis
21%
9 en
15%
10 15
10%
11 secondes
10%
7 12
8%
8 mois
8%
Aucun quiz correspondant
Distribution des résultats
% des personnes avec chaque résultat
Percentile par nombre de réponses
Votre historique - résultats
Vous n’avez pas pris ce quiz